LIBRARY & INFORMATION CENTRE, KCAET, TAVANUR

ONLINE PUBLIC ACCESS CATALOGUE (OPAC)

Laboratory manual for introductory electronics experiments / (Record no. 6816)

MARC details
000 -LEADER
fixed length control field 00521cam a2200193ua 4500
020 ## - INTERNATIONAL STANDARD BOOK NUMBER
ISBN 0-85226-554-9
041 ## - LANGUAGE CODE
Language code of text/sound track or separate title eng
082 ## - DEWEY DECIMAL CLASSIFICATION NUMBER
Classification number 028.72621
Item number MAH/LA
100 ## - MAIN ENTRY--AUTHOR NAME
Personal name Maheshwari, L K .
245 ## - TITLE STATEMENT
Title Laboratory manual for introductory electronics experiments /
250 ## - EDITION STATEMENT
Edition statement 1 /
260 ## - PUBLICATION, DISTRIBUTION, ETC. (IMPRINT)
Place of publication New Delhi :
Name of publisher New Age International Ltd ,
Year of publication 1999.
300 ## - PHYSICAL DESCRIPTION
Number of Pages 100 ; .
500 ## - GENERAL NOTE
General note Reference **
942 ## - ADDED ENTRY ELEMENTS (KOHA)
Koha item type Books
Holdings
Withdrawn status Lost status Damaged status Home library Current library Date acquired Full call number Accession Number Koha item type
      KAUAET KAUAET 07/04/2012 028.72621 20421 Reference
      KAUAET KAUAET 07/04/2012 028.72621 19995 Reference
free website counter